| 000 | 00867nam a2200253 a 4500 | ||
|---|---|---|---|
| 001 | 000021254 | ||
| 005 | 20240406073830.0 | ||
| 008 | 100902s1996 mx r 001 0 spa d | ||
| 020 | _a9683649599 | ||
| 040 |
_aDO-SdBNP _bspa _cBNPHU |
||
| 082 |
_a321.8 _bP558g |
||
| 100 | 1 |
_aPhillips, Anne, _944425 |
|
| 240 | 1 | 0 |
_aEngendering democracy. _lEspañol. |
| 245 | 1 | 0 |
_aGénero y teoría democrática / : _bAnne Phillips ; traducción de Isabel Vericat. |
| 260 |
_aMéxico : _bUniversidad Autónoma de México, _c1996. |
||
| 300 |
_a183 p. ; _c23 cm. |
||
| 500 | _aIncluye índice | ||
| 504 | _aBibliografía: p. (165-173) | ||
| 534 |
_pTítulo original en inglés: _tEngendering democracy. _cOxford, England : Basil Blackwell, 1991 |
||
| 650 | 0 |
_aDemocracia _9286 |
|
| 650 | 4 |
_aFormas de gobierno _92772 |
|
| 700 | 1 |
_aVericat, Isabel, _etr. _944426 |
|
| 049 | _aBNGR | ||
| 999 |
_c20754 _d20754 |
||